000 00699nam a22001937a 4500
005 20180510122722.0
010 _aENG-122969
020 _a9789386262288
_c295.00
035 _aEN-106501
037 _bDBAD/PUB
082 _a379.158
100 _aGupta, Rainu
245 _aMeasurement, evaluation and assessment for learning /
_cby Rainu Gupta
260 _aNew Delhi
_bShipra Publications
_c2017
270 _aH.O. LG 18-19, Pankaj Central Market, Patparganj, I.P. Extn.
_bDelhi
_e110092
_k011-22235152/6152
_minfo@shiprapublication.com
300 _axii, 432p.
_c22cm(pbk)
_bill.
500 _aIncludes bibliography and revision questions.
942 _2ddc
_cEN
_h379.158
_mGUP
999 _c151983
_d151983